[Event "Begonia op 58th"]
[Site "Ballarat"]
[Date "2024.03.10"]
[Round "4"]
[White "Saisiddharth, Naraharasetty"]
[Black "Fernandez, Michael"]
[Result "0-1"]
[WhiteElo "1926"]
[BlackElo "2202"]
[PlyCount "112"]
[EventDate "2024.03.09"]
[EventType "swiss"]
[EventRounds "7"]
[EventCountry "AUS"]
[SourceTitle "CBM 219 Extra"]
[Source "ChessBase"]
[SourceDate "2024.05.31"]
[SourceVersion "1"]
[SourceVersionDate "2024.05.31"]
[SourceQuality "1"]

1. e4 c6 2. Nc3 d5 3. Nf3 Bg4 4. h3 Bh5 5. exd5 cxd5 6. Bb5+ Nc6 7. g4 Bg6 8. Ne5 Rc8 9. d4 e6 10. Qe2 Bd6 11. Bf4 Nge7 12. h4 f6 13. Nxg6 hxg6 14. Bxd6 Qxd6 15. 0-0-0 a6 16. Bxc6+ Rxc6 17. Rd3 g5 18. h5 Ng6 19. Re3 Nf4 20. Qd2 Kf7 21. Ne2 Rhc8 22. c3 b5 23. Kb1 Rh8 24. Rf3 Nxe2 25. Qxe2 b4 26. cxb4 Qxb4 27. Qd3 Rh6 28. Rc1 Rxc1+ 29. Kxc1 g6 30. Qxa6 gxh5 31. Rc3 hxg4 32. Rc7+ Kg6 33. Qd3+ f5 34. Rc3 Rh1+ 35. Kc2 Qa4+ 36. Rb3 Qxa2 37. Qd2 Qb1+ 38. Kc3 Rc1+ 39. Kb4 Rc4+ 40. Kb5 Qe4 41. Re3 Qxd4 42. Rxe6+ Kh5 43. Qxd4 Rxd4 44. Re2 f4 45. Kc5 Rd1 46. b4 g3 47. fxg3 fxg3 48. Rb2 Kg4 49. b5 Kh3 50. Rb3 Kh2 51. b6 g2 52. Rb2 Kh1 53. b7 g1Q+ 54. Kc6 Rc1+ 55. Kd7 Qa7 56. Ke6 Qb8 0-1